Classifica Marcatori Bundesliga 2023-2024 - Statistics

Statistiche generali
  • Questo quiz è stato fatto 25 volte
  • Il punteggio medio è 10 su 17
Statistiche sulle risposte
Gol Nazione Squadra Calciatore % Corretto
36 Inghilterra Bayern Monaco Harry Kane
100%
14 Nigeria Bayer Leverkusen Victor Boniface
91%
28 Guinea Stoccarda Serhou Guirassy
87%
24 Belgio RB Lipsia Loïs Openda
83%
14 Slovenia RB Lipsia Benjamin Šeško
74%
11 Germania Bayer Leverkusen Florian Wirtz
74%
12 Germania Werder Brema / Borussia Dortmund Niclas Füllkrug
70%
15 Croazia Hoffenheim Andrej Kramarić
65%
13 Paesi Bassi Borussia Dortmund Bai Donyell Malen
65%
18 Germania Stoccarda Deniz Undav
61%
12 Egitto E. Francorte Omar Marmoush
52%
15 Bosnia ed Erzegovina Augsburg B Ermedin Demirović
43%
11 Danimarca Wolfsburg Jonas Wind
39%
16 Germania Hoffenheim Maximilian Beier
39%
12 Germania Heidenheim Tim Kleindienst
26%
12 Belgio Herta Berlino Dodi Lukebakio
22%
12 Germania Werder Brema Marvin Ducksch
22%
Nessun quiz corrispondente trovato
Distribuzione punteggi
Percentuale di utenti per punteggio
Percentile per numero di risposta
I tuoi punteggi nel tempo
Non hai fatto questo quiz